Aprender a hablar ciencia: lenguaje, aprendizaje y valores

Gespeichert in:
Bibliographische Detailangaben
1. Verfasser: Lemke, Jay L (VerfasserIn)
Format: Buch
Sprache:Spanisch
Veröffentlicht: Barcelona, España Paidós 1997
Schriftenreihe:Colección Temas de educación. 42
Schlagworte:
Tags: Tag hinzufügen
Keine Tags, Fügen Sie den ersten Tag hinzu!

MARC

LEADER 00000cam a2200000 a 4500
001 UCQ9679
003 CL-VaPUC
005 20250220161847.0
008 990112e19970000SP |||||||||||||||||spa|d
999 |c 278666  |d 278664 
020 |a 8449303206 
040 |c Pontificia Universidad Católica de Valparaíso 
082 0 4 |a 372.3 LEM 1997  |2 21 
100 |a Lemke, Jay L  |e author  |9 466848 
245 1 0 |a Aprender a hablar ciencia: lenguaje, aprendizaje y valores 
260 0 3 |a Barcelona, España  |b Paidós  |c 1997 
300 |a 273 páginas 
490 0 |a Colección Temas de educación.  |v 42 
583 |a last modification  |c 20170824 11:52:17  |k Rodrigo Vera 
650 0 |a Educación científica   |9 307484 
650 0 |a Educación lingüística  |9 306506 
650 0 |a Semántica  |9 265318 
650 0 |a Aprendizaje   |9 254827 
942 |c BK  |2 ddc 
945 |d 19990112 00:00:00  |a aarredon 
952 |0 0  |1 0  |2 ddc  |4 0  |6 372_300000000000000_LEM_1997  |7 0  |8 A  |9 317362  |a BIBEDU  |b BIBEDU  |d 2019-11-20  |i 3494128  |o 372.3 LEM 1997  |p 3494128  |r 2019-11-20  |t 13  |w 2019-11-20  |y BK  |k BME 
952 |0 0  |1 0  |2 ddc  |4 0  |6 372_300000000000000_LEM_1997  |7 0  |8 A  |9 317363  |a BIBEDU  |b BIBEDU  |d 2019-11-20  |i 3702502  |o 372.3 LEM 1997  |p 3702502  |r 2023-01-25  |t 14  |w 2019-11-20  |y BK  |k LIT 
952 |0 0  |1 0  |2 ddc  |4 0  |6 372_300000000000000_LEM_1997  |7 0  |8 A  |9 317364  |a BIBCUR  |b BIBCUR  |d 2019-11-20  |i 3842169  |o 372.3 LEM 1997  |p 3842169  |r 2025-04-22  |t 1  |w 2019-11-20  |y BK  |k BIO 
952 |0 0  |1 0  |2 ddc  |4 0  |6 372_300000000000000_LEM_1997  |7 0  |8 A  |9 317365  |a BIBCUR  |b BIBCUR  |d 2019-11-20  |i 4099583  |l 1  |m 2  |o 372.3 LEM 1997  |p 4099583  |r 2025-04-22  |s 2023-08-10  |t 2  |w 2019-11-20  |y BK  |k BCB 
952 |0 0  |1 0  |2 ddc  |4 0  |6 372_300000000000000_LEM_1997  |7 0  |8 A  |9 317366  |a BIBCUR  |b BIBCUR  |d 2019-11-20  |i 4574753  |l 1  |o 372.3 LEM 1997  |p 4574753  |r 2025-04-22  |s 2024-04-23  |t 3  |w 2019-11-20  |y BK  |k PER 
952 |0 0  |1 0  |2 ddc  |3 erb  |4 0  |6 372_300000000000000_LEM_1997  |7 0  |8 A  |9 317367  |a BIBEDU  |b BIBEDU  |i 5139597  |o 372.3 LEM 1997  |p 5139597  |r 2019-11-20  |t 15  |w 2019-11-20  |y BK  |z Catalogado en:20150312  |k EDU 
952 |0 0  |1 0  |2 ddc  |3 erb  |4 0  |6 372_300000000000000_LEM_1997  |7 0  |8 A  |9 317368  |a BIBCUR  |b BIBCUR  |i 5139600  |l 7  |m 1  |o 372.3 LEM 1997  |p 5139600  |r 2025-04-22  |s 2023-04-04  |t 4  |w 2019-11-20  |y BK  |z Catalogado en:20150312  |k BCB 
952 |0 0  |1 0  |2 ddc  |3 erb  |4 0  |6 372_300000000000000_LEM_1997  |7 0  |8 A  |9 317371  |a BIBCUR  |b BIBCUR  |i 5139635  |o 372.3 LEM 1997  |p 5139635  |r 2025-04-22  |t 7  |w 2019-11-20  |y BK  |z Catalogado en:20150312  |k BCB 
952 |0 0  |1 0  |2 ddc  |3 erb  |4 0  |6 372_300000000000000_LEM_1997  |7 0  |8 A  |9 317372  |a BIBCUR  |b BIBCUR  |i 5139643  |l 2  |o 372.3 LEM 1997  |p 5139643  |r 2025-04-22  |s 2023-10-11  |t 8  |w 2019-11-20  |y BK  |z Catalogado en:20150312  |k BCB 
952 |0 0  |1 0  |2 ddc  |3 erb  |4 0  |6 372_300000000000000_LEM_1997  |7 0  |8 A  |9 317373  |a BIBCUR  |b BIBCUR  |i 5139651  |l 1  |m 2  |o 372.3 LEM 1997  |p 5139651  |r 2025-04-22  |s 2024-06-05  |t 9  |w 2019-11-20  |y BK  |z Catalogado en:20150312  |k BCB 
952 |0 0  |1 0  |2 ddc  |3 erb  |4 0  |6 372_300000000000000_LEM_1997  |7 0  |8 A  |9 317374  |a BIBCUR  |b BIBCUR  |i 513966K  |o 372.3 LEM 1997  |p 513966K  |r 2025-04-22  |t 10  |w 2019-11-20  |y BK  |z Catalogado en:20150312  |k BCB 
952 |0 0  |1 0  |2 ddc  |3 erb  |4 0  |6 372_300000000000000_LEM_1997  |7 0  |8 A  |9 317375  |a BIBCUR  |b BIBCUR  |i 5139678  |l 1  |o 372.3 LEM 1997  |p 5139678  |r 2025-04-22  |s 2023-09-22  |t 11  |w 2019-11-20  |y BK  |z Catalogado en:20150312  |k BCB 
952 |0 0  |1 0  |2 ddc  |3 erb  |4 0  |6 372_300000000000000_LEM_1997  |7 0  |8 A  |9 317376  |a BIBCUR  |b BIBCUR  |i 5139686  |l 1  |o 372.3 LEM 1997  |p 5139686  |r 2025-04-22  |s 2023-04-06  |t 12  |w 2019-11-20  |y BK  |z Catalogado en:20150312  |k BCB